|
|
|
|
| LEADER |
00822nam a2200289 a 4500 |
| 001 |
000436945 |
| 003 |
CZ BrMZK |
| 005 |
20130308064609.0 |
| 007 |
ta |
| 008 |
010907s1998 xr f cze d |
| 015 |
|
|
|a cnb000529233
|
| 020 |
|
|
|a 80-7215-068-5
|
| 035 |
|
|
|a (OCoLC)40985634
|
| 040 |
|
|
|a BOA001
|b cze
|
| 080 |
|
|
|a 885.0-14
|2 MRF
|
| 100 |
1 |
|
|a Fischerová, Viola,
|d 1935-2010
|7 jk01031308
|4 aut
|
| 245 |
1 |
0 |
|a Divoká dráha domovů /
|c Viola Fischerová
|
| 250 |
|
|
|a Vyd. 1.
|
| 260 |
|
|
|a Praha :
|b Torst,
|c 1998
|
| 300 |
|
|
|a 97 s. ;
|c 20 cm
|
| 490 |
1 |
|
|a Poezie ;
|v sv. 36
|
| 655 |
|
4 |
|a české básně
|
| 830 |
|
0 |
|a Poezie (Torst)
|0 s
|
| 910 |
|
|
|a BOA001
|b 1-1063.321
|
| 990 |
|
|
|a BK
|
| 991 |
|
|
|f P-FIS
|
| 996 |
6 |
|
|b 2610099575
|c 1-1063.321
|l MZK
|r Sklad / do 1 hodiny
|n 20
|p p.v.
|w 000436945
|u 000010
|a 1
|e BOA001
|j MZK50
|s P
|